01890nam a22004577a 4500003000900000005001700009040002800026041000800054044000700062100002000069245007300089250001200162260004100174300004100215490003800256505001100294505003700305505002300342505004200365505006500407505005500472505005600527505007100583505004500654505004100699505006800740505005200808505005500860505004500915505004600960505003901006505006401045505005101109505006401160505003501224505002601259505008201285648001301367650003401380651001801414AR-RoUNA20251016114549.0 aAR-RoUNAbspadAR-RoUNA aita aag aInsolera, Italo10aRoma moderna b: un secolo di storia urbanistica / cItalo Insolera. a2a. ed. aRoma:beditore S.p.A. Torino,c1962. a279 p.:bfot. byn.bmapasc18x11 cm. aPiccola Biblioteca Einaudivv. 250 tINDICE0 tI. Roma capital Pontificia. p. 90 tII. El 1870. p. 160 tIII. El Plan Pegulador de 1873. p. 290 tIV. Las Leyes especiales y el plan regulador de 1883. p. 40.0 tV. La "Fiebre" y la "crisis" inmobiliaria. p. 54. 0 tVI. La formación de la primera periferia. p. 65. 0 tVII. El 1900: las nuevas leyes y la nueva administración. p. 78.0 tVIII. El Plan Regulador de 1909. p. 91. 0 tIX. Los años de posguerra. p. 104.0 tX. Del Plan Regulador de 1909 al Plan Regulador de 1931. p. 1170 tXI. Las devastaciones y los suburbios. p. 130. 0 tXII. El crecimiento de la ciudad burguesa. p. 146.0 t XIII. El EUR y el plan de 1942. p. 161.0 tXIV. Los años de la posguerra. p. 174.0 tXV. La gran expansión. p. 186. 0 tXVI. Cultura, política, urbanismo de 1950 a 1960. p. 203.0 tXVII. Hacia el nuevo plan regulador. p. 219. 0 tXVIII. El EUR y el "Plan de los Juegos Olímpicos". p. 2300 tXIX. La última tapa. p. 245.0 tXX. Roma 1962. p. 2590 tCronología de los trabajos para el nuevo plan regulador (1950-1962). p. 275 aSiglo 20 4aUrbanismoxPlanes reguladores 4aRoma (Italia)